000
00246nam a2200097Ia 4500
001
679978
005
20250826161332.0
008
250824s9999 xx 000 0 und d
245
0
_a
MONTE KRİSTO KONTU
_c
ALEXANDRE DUMAS
260
_b
KARATAY GENÇLİK
999
_c
679978
_d
679978